000
00345nam a2200145Ia 4500
100
_a
Raghuram/R.
942
_c
BK
654
_a
Electronic Circuits
245
_a
Computer simulation of eletronic circuits
260
_b
WILEY EASTERN LIMITED
_a
New Delhi
_c
1989
082
_a
621.38173
_b
RAG
300
_a
246
546
_a
ENGLISH
999
_c
19573
_d
19573